000 00413nam a2200157Ia 4500
005 20250220164728.0
008 231217s9999 xx 000 0 und d
020 _a9788131401750
082 _a658.313 MAR;1 R
100 _aMarathe, Sushma.
245 0 _aAttrition management : concepts and cases
260 _c2006
_bIcfai
_aHyderabad
300 _avi, 192
650 _aAttrition,management
942 _cAA
999 _c186777
_d186777